000 00353nam a22001217a 4500
999 _c17586
_d17586
008 221108b ||||| |||| 00| 0 eng d
100 _aSalaverria, Leila B.
_946723
245 _aUS approves sanctions vs De Lima jailers /
260 _aPhilippines ;
_cJanuary 10, 2020.
_bInquirer,
300 _apage A3.
650 _aNews.
_946667
942 _2ddc
_cPER